000 00701nam a2200241 i 4500
001 C2-0221990
003 PPAK
005 20180728151339.0
008 991207s1975 my |||| ||||| | may d
040 _aPPAK
_beng
_cPPAK
_erda
082 0 4 _a418
_223
090 0 0 _a418
_bABA
_dKIH
100 1 _aAbas, Lutfi,
_eauthor
245 1 0 _aTatabahasa perbandingan
_bBahasa-bahasa Malaysia, Cina, Tamil, dan Inggeris
264 1 _aKuala Lumpur :
_bDewan Bahasa dan Pustaka ,
_c1975
300 _axxiv, 147 pages ;
_c21 cm
336 _2rdacontent
_atext
337 _2rdamedia
_aunmediated
338 _2rdacarrier
_avolume
500 _aBuku satu : predikat
650 1 0 _aLinguistics
942 _ddc
_cB
999 _c143463
_d143463